000 00499nam a2200181Ia 4500
005 20250518122351.0
008 240825s9999 xx 000 0 und d
020 _a9788180942075
_qhbk
041 _aeng
082 _a305.5
_bTHU
100 _aThurston, Edgar
245 0 _aCastes and Tribes of Southern India
_c/Edgar Thurston
250 _a1st edition
260 _bMJP
_cc2023
_aChennai
300 _a234p
650 _aSociology; Ethnic & Tribal ; Ethnologie Inde (Sud)
942 _cENGLISH
999 _c547315
_d547315